Tableau des médailles olympiques - Athènes 2004 - Statistiques

Statistiques générales
  • Ce quiz a été pris 24 fois
  • Le résultat moyen est 9 sur 10
Statistiques - réponses
Or Argent Bronze Total Pays % Correct
32 17 14 63 Chine
100%
36 39 26 101 États-Unis
100%
11 9 13 33 France
100%
16 9 12 37 Japon
100%
13 16 20 49 Allemagne
96%
28 26 36 90 Russie
96%
9 9 12 30 Grande-Bretagne
88%
17 16 17 50 Australie
83%
10 11 11 32 Italie
83%
9 12 9 30 Corée du Sud
79%
Aucun quiz correspondant
Distribution des résultats
% des personnes avec chaque résultat
Percentile par nombre de réponses
Votre historique - résultats
Vous n’avez pas pris ce quiz